000 00875cab a2200265 4500
001 WB2914-27
008 090401t1993 xxu||||| |||| 00| 0 eng d
035 _a(Sirsi) u91133
041 _aeng
245 _aMinerals planning policy
260 _c1993
350 _a0
490 _aRICS Press Release
_v(PR73/93) 2 April 1993 (2)
520 _aThe RICS has responded to the draft Minerals Planning Policy Note 6, pointing out the environmental cost of coastal superquarries and the lack of incentives for using waste materials in the construction industry.
650 _aAGGREGATES
650 _aMINERALS EXTRACTION
650 _aMINERALS PLANNING
650 _aMINERALS PLANNING GUIDANCE NOTE SIX
650 _aRECYCLING
650 _aSECONDARY MATERIALS
650 _aSUPERQUARRIES
690 _aMINING AND MINERALS
942 _n0
948 _c04/03/1997
999 _c57831
_d57831